| 000 -LEADER | |
|---|---|
| fixed length control field | 00711nam a22002177a 4500 |
| 005 - DATE AND TIME OF LATEST TRANSACTION | |
| control field | 20250420134804.0 |
| 008 - FIXED-LENGTH DATA ELEMENTS--GENERAL INFORMATION | |
| fixed length control field | 200105b ||||| |||| 00| 0 eng d |
| 020 ## - INTERNATIONAL STANDARD BOOK NUMBER | |
| International Standard Book Number | 9781857036626 |
| 040 ## - CATALOGING SOURCE | |
| Transcribing agency | KCST |
| 082 ## - DEWEY DECIMAL CLASSIFICATION NUMBER | |
| Classification number | 808.066 |
| 100 ## - MAIN ENTRY--PERSONAL NAME | |
| Personal name | Swetnam, Derek |
| 9 (RLIN) | 1015 |
| 245 ## - TITLE STATEMENT | |
| Title | Writing your dissertation: |
| Remainder of title | the bestelling guide to planning, preparing and presenting first-class work / |
| Statement of responsibility, etc. | Derek Swetnam, Ruth Swetnam |
| 260 ## - PUBLICATION, DISTRIBUTION, ETC. | |
| Place of publication, distribution, etc. | London: |
| Name of publisher, distributor, etc. | Robinson; |
| Date of publication, distribution, etc. | 2009. |
| 300 ## - PHYSICAL DESCRIPTION | |
| Extent | 132 p. |
| 650 ## - SUBJECT ADDED ENTRY--TOPICAL TERM | |
| Topical term or geographic name entry element | Dissertations, Academic |
| General subdivision | Handbooks, manuals, etc. |
| 9 (RLIN) | 1016 |
| 650 ## - SUBJECT ADDED ENTRY--TOPICAL TERM | |
| Topical term or geographic name entry element | Academic writing |
| General subdivision | Handbooks, manuals, etc. |
| 9 (RLIN) | 1017 |
| 650 ## - SUBJECT ADDED ENTRY--TOPICAL TERM | |
| Topical term or geographic name entry element | Academic writing. |
| 9 (RLIN) | 165 |
| 700 ## - ADDED ENTRY--PERSONAL NAME | |
| Personal name | Ruth Swetnam |
| 9 (RLIN) | 1018 |
| 942 ## - ADDED ENTRY ELEMENTS (KOHA) | |
| Koha item type | Book |
| 942 ## - ADDED ENTRY ELEMENTS (KOHA) | |
| Source of classification or shelving scheme | Dewey Decimal Classification |
| Withdrawn status | Lost status | Source of classification or shelving scheme | Damaged status | Not for loan | Home library | Current library | Date acquired | Cost, normal purchase price | Total checkouts | Full call number | Barcode | Date last seen | Price effective from | Koha item type |
|---|---|---|---|---|---|---|---|---|---|---|---|---|---|---|
| Dewey Decimal Classification | KCST Library | KCST Library | 05/01/2020 | 4.71 | 808.066 Sw Wr | 1000000089 | 05/01/2020 | 05/01/2020 | Book |